000 00626cam a2200205 4500
001 WS108069
008 000000n 000 0 eng u
035 _a(Sirsi) u108069
110 _aDanish Association of Chartered Surveyors
_93929
245 _aDanish Association of Chartered Surveyors
520 _aWeb site for this Scandinavian surveying organisation.
650 _aDENMARK
650 _aABOUT RICS-RICS MEMBERS
650 _aEUROPE
650 _aINTERNATIONAL
650 _aORGANISATION
690 _aEUROPE
856 4 0 _uhttps://www.ddl.org
_zView the website free of charge at www.ddl.org...
942 _n0
999 _c119607
_d119607